| 000 | 00000nam 2200000zi 4500 |
| 001 | 9.924128 |
| 003 | CaOODSP |
| 005 | 20250107144058 |
| 006 | m o d f |
| 007 | cr |n||||||||| |
| 008 | 230620e197208 onc os f000 0|eng d |
| 040 | |aCaOODSP|beng|erda|cCaOODSP |
| 043 | |an-cn--- |
| 086 | 1 |aRE22-309/1972E-PDF |
| 245 | 00|aInvestments in manufacturing industries, by metropolitan areas, from 1949 to 1970 (actual figures). |
| 264 | 1|a[Ottawa] : |bEconomic Analysis Branch, Department of Regional Economic Expansion, |cAugust 1972. |
| 300 | |a1 online resource (95 unnumbered pages) |
| 336 | |atext|btxt|2rdacontent |
| 337 | |acomputer|bc|2rdamedia |
| 338 | |aonline resource|bcr|2rdacarrier |
| 500 | |aDigitized edition from print [produced by Innovation, Science and Economic Development Canada]. |
| 650 | 0|aInvestments|zCanada|vStatistics. |
| 650 | 0|aManufacturing industries|zCanada|vStatistics. |
| 650 | 6|aInvestissements|zCanada|vStatistiques. |
| 650 | 6|aIndustrie manufacturière|zCanada|vStatistiques. |
| 655 | 7|aStatistics|2lcgft |
| 655 | 7|aStatistiques|2rvmgf |
| 710 | 1 |aCanada. |bDepartment of Regional Economic Expansion, |eissuing body. |
| 856 | 40|qPDF|s3132 KB|uhttps://publications.gc.ca/collections/collection_2024/isde-ised/re22/RE22-309-1972-eng.pdf |